[Event "FRA-chT2 0910"]
[Site "France"]
[Date "2009.11.22"]
[Round "4.3"]
[White "Fantinel, Thibault"]
[Black "Laporte, Damien"]
[Result "1-0"]
[WhiteElo "2145"]
[BlackElo "2186"]
[PlyCount "59"]
[EventDate "2009.09.27"]
[EventType "team"]
[EventRounds "11"]
[EventCountry "FRA"]
[SourceDate "2009.07.26"]

1. e4 c5 2. Nf3 Nf6 3. e5 Nd5 4. g3 Nc6 5. Bg2 d6 6. exd6 Qxd6 7. O-O Bg4 8. h3
Bh5 9. d4 cxd4 10. g4 Bg6 11. Nxd4 Nxd4 12. Qxd4 e6 13. Na3 Qb4 14. c4 Rd8 15.
Rd1 Bc5 16. Qxg7 Bxf2+ 17. Kxf2 Qc5+ 18. Qd4 Qxd4+ 19. Rxd4 Nb4 20. Rxd8+ Kxd8
21. Bg5+ Kc8 22. Bf6 Rg8 23. Bc3 Nd3+ 24. Ke3 Nc5 25. b4 Nd7 26. Rd1 Nb6 27. c5
Na4 28. Be5 f6 29. Bxf6 a5 30. Nc4 1-0

[Event "FRA-chT2 0910"]
[Site "France"]
[Date "2009.11.22"]
[Round "4.4"]
[White "Prevot, Jean Luc"]
[Black "Marciniak, Alexandre"]
[Result "0-1"]
[WhiteElo "2096"]
[BlackElo "2138"]
[PlyCount "80"]
[EventDate "2009.09.27"]
[EventType "team"]
[EventRounds "11"]
[EventCountry "FRA"]
[SourceDate "2009.07.26"]

1. Nf3 d5 2. c4 c6 3. b3 Nf6 4. Bb2 Bg4 5. g3 Bxf3 6. exf3 Nbd7 7. f4 e6 8. Bg2
g6 9. O-O Bg7 10. d3 O-O 11. Nc3 Re8 12. Qd2 a6 13. Rac1 Rc8 14. Rc2 Bh8 15.
Rfc1 Ra8 16. b4 Nh5 17. Ne2 Bxb2 18. Rxb2 Qf6 19. Nc3 Ng7 20. a4 Nf5 21. b5
axb5 22. axb5 Ra3 23. Ra2 Rea8 24. Rxa3 Rxa3 25. Qb2 Ra7 26. bxc6 bxc6 27. cxd5
cxd5 28. Rb1 Kg7 29. Qb4 Qd4 30. Bf1 Nc5 31. Nb5 Qxb4 32. Rxb4 Ra1 33. Kg2 Rd1
34. d4 Ne4 35. Be2 Rd2 36. Kf3 h5 37. h3 g5 38. fxg5 Nxg5+ 39. Kf4 Nxh3+ 40.
Kf3 Ng1+ 0-1

[Event "FRA-chT2 0910"]
[Site "France"]
[Date "2009.11.22"]
[Round "4.5"]
[White "Le Hetet, Nicolas"]
[Black "Champ, Gael"]
[Result "1-0"]
[WhiteElo "2130"]
[BlackElo "2103"]
[PlyCount "87"]
[EventDate "2009.09.27"]
[EventType "team"]
[EventRounds "11"]
[EventCountry "FRA"]
[SourceDate "2009.07.26"]

1. e4 c5 2. Nf3 d6 3. d4 cxd4 4. Nxd4 Nf6 5. Nc3 a6 6. g3 e5 7. Nde2 Nbd7 8.
Bg2 Be7 9. O-O O-O 10. h3 Re8 11. Be3 Bf8 12. a4 b6 13. g4 Nc5 14. Qd2 Bb7 15.
Ng3 Qc7 16. g5 Nfd7 17. Nd5 Bxd5 18. exd5 g6 19. b4 Nb7 20. Ne4 Bg7 21. Ra3
Rac8 22. Rc3 Qb8 23. Rc6 a5 24. h4 axb4 25. Bh3 Rc7 26. Qxb4 Ndc5 27. Rxb6 Nxe4
28. Qxe4 Qd8 29. Rfb1 Nc5 30. Qb4 Bf8 31. Qb5 Qa8 32. a5 Ra7 33. Bd2 Rd8 34. c4
Na6 35. Rb7 Nc5 36. Rb8 Rxb8 37. Qxb8 Kg7 38. Qxa8 Rxa8 39. Rb6 Be7 40. Bb4 Kf8
41. Bxc5 dxc5 42. a6 Bd8 43. Rc6 Ke8 44. Bc8 1-0

[Event "FRA-chT2 0910"]
[Site "France"]
[Date "2009.11.22"]
[Round "4.6"]
[White "Bastin, Stephane"]
[Black "Marciniak, Gerard"]
[Result "0-1"]
[WhiteElo "1984"]
[BlackElo "2127"]
[PlyCount "74"]
[EventDate "2009.09.27"]
[EventType "team"]
[EventRounds "11"]
[EventCountry "FRA"]
[SourceDate "2009.07.26"]

1. e4 g6 2. d4 Bg7 3. Nf3 d6 4. Bc4 Nf6 5. Qe2 c6 6. Bb3 O-O 7. O-O b6 8. Rd1
d5 9. e5 Ba6 10. Qe1 Ne8 11. c3 Nc7 12. Nbd2 c5 13. Nf1 cxd4 14. cxd4 Nc6 15.
Ne3 Rc8 16. Bd2 Kh8 17. Rac1 Qd7 18. Ba4 Bb5 19. Bb3 f6 20. Bc3 a5 21. a3 fxe5
22. dxe5 e6 23. Ng4 Qe7 24. Qe3 Ne8 25. Bc2 Qf7 26. Bd2 d4 27. Qb3 Be2 28. Ng5
Qe7 29. Qh3 h5 30. f3 d3 31. Bb3 Bxd1 32. Rxd1 Nd4 33. Ba2 Rc2 34. f4 Ne2+ 35.
Kh1 Rxd2 36. Rxd2 Qxg5 37. Bxe6 Qxf4 0-1

[Event "FRA-chT2 0910"]
[Site "France"]
[Date "2009.11.22"]
[Round "4.7"]
[White "Zaninetti, Laurent"]
[Black "Wohlers Armas, Friederike"]
[Result "1/2-1/2"]
[WhiteElo "1979"]
[BlackElo "2029"]
[PlyCount "80"]
[EventDate "2009.09.27"]
[EventType "team"]
[EventRounds "11"]
[EventCountry "FRA"]
[SourceDate "2009.07.26"]

1. c4 Nf6 2. g3 g6 3. Bg2 Bg7 4. Nc3 d6 5. d3 c6 6. e4 Nbd7 7. Nge2 e5 8. Rb1
a5 9. a3 h5 10. h3 Nf8 11. Be3 Be6 12. b3 N6d7 13. d4 exd4 14. Bxd4 Bxd4 15.
Qxd4 Nf6 16. Rd1 N8h7 17. Qxd6 Qxd6 18. Rxd6 Ke7 19. Rd4 Rhd8 20. O-O Rxd4 21.
Nxd4 Rd8 22. Rd1 c5 23. Nxe6 Rxd1+ 24. Nxd1 Kxe6 25. f4 h4 26. g4 g5 27. e5 Nd7
28. Be4 Nhf8 29. Bd5+ Ke7 30. f5 b6 31. Nc3 Nxe5 32. Na4 Nfd7 33. Be4 Kd6 34.
Kf2 Kc7 35. Ke3 Nf6 36. Nc3 Kd6 37. Nb5+ Kd7 38. Nc3 Nc6 39. Bxc6+ Kxc6 40. a4
Nd7 1/2-1/2

[Event "FRA-chT2 0910"]
[Site "France"]
[Date "2009.11.22"]
[Round "4.2"]
[White "Collas, Didier"]
[Black "Francois, Sebastien"]
[Result "1-0"]
[WhiteElo "2421"]
[BlackElo "2052"]
[PlyCount "70"]
[EventDate "2009.09.27"]
[EventType "team"]
[EventRounds "11"]
[EventCountry "FRA"]
[SourceDate "2009.07.26"]

1. d4 Nf6 2. Nf3 g6 3. Nbd2 Bg7 4. e4 d6 5. c3 O-O 6. a4 e5 7. dxe5 dxe5 8. a5
Qe7 9. Qc2 Bd7 10. Bd3 c5 11. Nc4 Nc6 12. Bg5 h6 13. Bxf6 Qxf6 14. Ne3 Be6 15.
O-O Rfd8 16. Bc4 Bxc4 17. Nxc4 Rd7 18. Rfd1 Rad8 19. Rxd7 Rxd7 20. Nfd2 Qd8 21.
Nf1 h5 22. Nfe3 Ne7 23. Qb3 Kh7 24. a6 b6 25. Nxb6 axb6 26. a7 Qa8 27. Qxb6 Rb7
28. Qxb7 Qxb7 29. a8=Q Qxb2 30. Rd1 Bh6 31. Qe8 Qb3 32. c4 Bxe3 33. Qxf7+ Kh6
34. Qf8+ Kg5 35. Qxe7+ Kh6 1-0

[Event "FRA-chT2 0910"]
[Site "France"]
[Date "2009.11.22"]
[Round "4.3"]
[White "Pascal Mousselard, Philippe"]
[Black "Garrido, Denis"]
[Result "0-1"]
[WhiteElo "1936"]
[BlackElo "2294"]
[PlyCount "58"]
[EventDate "2009.09.27"]
[EventType "team"]
[EventRounds "11"]
[EventCountry "FRA"]
[SourceDate "2009.07.26"]

1. b3 Nf6 2. Bb2 g6 3. Bxf6 exf6 4. c4 f5 5. Nc3 Bg7 6. Rc1 d6 7. e3 c6 8. d4
O-O 9. Nge2 Nd7 10. g3 Nf6 11. Bg2 Re8 12. Qc2 h5 13. h4 Ng4 14. O-O g5 15.
hxg5 Qxg5 16. Nf4 h4 17. Nh3 Qh6 18. Ne2 Nxe3 19. fxe3 Qxe3+ 20. Kh1 Qxe2 21.
gxh4 Qxc2 22. Rxc2 Bxd4 23. Nf4 Bd7 24. Rd2 Be5 25. Bh3 Rad8 26. Rg2+ Kf8 27.
Nh5 Ke7 28. Rg5 Rg8 29. Bxf5 Rxg5 0-1

[Event "FRA-chT2 0910"]
[Site "France"]
[Date "2009.11.22"]
[Round "4.4"]
[White "Leygue, Dominique"]
[Black "Pellegrin, Philippe"]
[Result "1-0"]
[WhiteElo "2287"]
[BlackElo "2013"]
[PlyCount "51"]
[EventDate "2009.09.27"]
[EventType "team"]
[EventRounds "11"]
[EventCountry "FRA"]
[SourceDate "2009.07.26"]

1. e4 c5 2. Nf3 d6 3. d4 cxd4 4. Nxd4 Nf6 5. Nc3 a6 6. Bg5 e6 7. f4 Be7 8. Qf3
Qc7 9. O-O-O Nc6 10. f5 Nxd4 11. Rxd4 b5 12. fxe6 fxe6 13. Bxf6 Bxf6 14. Bxb5+
axb5 15. Nxb5 Qa5 16. Nxd6+ Ke7 17. e5 Qxe5 18. Rhd1 Rxa2 19. Nxc8+ Rxc8 20.
Qb7+ Kf8 21. Qxc8+ Kf7 22. Qb7+ Ke8 23. Kb1 Qa5 24. Rd8+ Bxd8 25. Qd7+ Kf8 26.
Qxd8+ 1-0

[Event "FRA-chT2 0910"]
[Site "France"]
[Date "2009.11.22"]
[Round "4.5"]
[White "Pouplin, Johan"]
[Black "Serreau, David"]
[Result "0-1"]
[WhiteElo "1782"]
[BlackElo "2175"]
[PlyCount "46"]
[EventDate "2009.09.27"]
[EventType "team"]
[EventRounds "11"]
[EventCountry "FRA"]
[SourceDate "2009.07.26"]

1. e4 c5 2. Nf3 d6 3. d4 Nf6 4. Nc3 cxd4 5. Nxd4 a6 6. f3 e5 7. Nb3 Be6 8. Bg5
Be7 9. Qd2 Nbd7 10. O-O-O Qc7 11. Kb1 O-O 12. f4 b5 13. f5 Bc4 14. Bxc4 bxc4
15. Nc1 Rab8 16. N1e2 Qb7 17. Qc1 Nc5 18. Bxf6 Bxf6 19. h4 Nxe4 20. Nxe4 Qxe4
21. Ng3 Qg4 22. Rh3 e4 23. c3 Bxc3 0-1

[Event "FRA-chT2 0910"]
[Site "France"]
[Date "2009.11.22"]
[Round "4.7"]
[White "Fornell, Marie Therese"]
[Black "Patetif, Dyanna"]
[Result "1/2-1/2"]
[WhiteElo "1510"]
[BlackElo "1800"]
[PlyCount "64"]
[EventDate "2009.09.27"]
[EventType "team"]
[EventRounds "11"]
[EventCountry "FRA"]
[SourceDate "2009.07.26"]

1. e4 c5 2. Nc3 Nc6 3. g3 e6 4. Bg2 Nf6 5. f4 d5 6. e5 Nd7 7. d3 Qb6 8. Nf3 Be7
9. O-O O-O 10. Ne2 f6 11. Bh3 Ndb8 12. Kh1 Qc7 13. d4 cxd4 14. Nexd4 Nxd4 15.
Nxd4 fxe5 16. Nxe6 Qc6 17. f5 Rf7 18. Bg5 Nd7 19. Bxe7 Rxe7 20. c3 Nf6 21. Qb3
Bxe6 22. fxe6 Rd8 23. Rad1 Kh8 24. Bf5 g6 25. Bh3 Kg7 26. Qb4 Rd6 27. Rxf6 Kxf6
28. Qh4+ Kg7 29. Qxe7+ Kh6 30. Qh4+ Kg7 31. Qe7+ Kh6 32. Qh4+ Kg7 1/2-1/2

[Event "FRA-chT2 0910"]
[Site "France"]
[Date "2009.11.22"]
[Round "4.8"]
[White "Vignette, Jeanne"]
[Black "Sorini, Gilbert"]
[Result "1-0"]
[WhiteElo "1561"]
[BlackElo "1550"]
[PlyCount "49"]
[EventDate "2009.09.27"]
[EventType "team"]
[EventRounds "11"]
[EventCountry "FRA"]
[SourceDate "2009.07.26"]

1. e4 d5 2. exd5 Qxd5 3. Nc3 Qa5 4. d4 Nf6 5. Bc4 Bf5 6. Nf3 c6 7. Bd2 Qc7 8.
Ne5 e6 9. g4 Be4 10. Nxe4 Nxe4 11. Bf4 Nd6 12. Bb3 Nd7 13. Qe2 Nxe5 14. Bxe5
Qe7 15. O-O-O O-O-O 16. Rhe1 h5 17. h3 hxg4 18. hxg4 Rh7 19. Bf4 g5 20. Bg3 Bg7
21. c3 Kb8 22. d5 cxd5 23. Rxd5 Ka8 24. Qd3 Bf8 25. Qxh7 1-0

[Event "FRA-chT2 0910"]
[Site "France"]
[Date "2009.11.22"]
[Round "4.2"]
[White "Stojanov, Stanislav"]
[Black "Robin, Samy"]
[Result "1-0"]
[WhiteElo "2271"]
[BlackElo "2354"]
[PlyCount "51"]
[EventDate "2009.09.27"]
[EventType "team"]
[EventRounds "11"]
[EventCountry "FRA"]
[SourceDate "2009.07.26"]

1. Nf3 Nf6 2. c4 g6 3. g3 Bg7 4. Bg2 O-O 5. O-O c6 6. d3 d6 7. Nc3 e5 8. Rb1
Qc7 9. b4 h6 10. Nd2 Be6 11. b5 Nbd7 12. bxc6 bxc6 13. Qa4 Rfc8 14. Ba3 Rab8
15. Rxb8 Nxb8 16. Rb1 Nfd7 17. Bb4 Nb6 18. Qa3 Bf8 19. Nde4 Rd8 20. c5 dxc5 21.
Bxc5 N8d7 22. Bxf8 Rxf8 23. Rc1 Nd5 24. Nxd5 Bxd5 25. Qe7 Qd8 26. Qxd7 1-0

[Event "FRA-chT2 0910"]
[Site "France"]
[Date "2009.11.22"]
[Round "4.3"]
[White "Blanc, Sebastien"]
[Black "Valles, Manuel"]
[Result "0-1"]
[WhiteElo "2128"]
[BlackElo "2200"]
[PlyCount "42"]
[EventDate "2009.09.27"]
[EventType "team"]
[EventRounds "11"]
[EventCountry "FRA"]
[SourceDate "2009.07.26"]

1. d4 Nf6 2. Nf3 g6 3. c4 Bg7 4. Nc3 O-O 5. e4 d6 6. Be2 e5 7. O-O Nc6 8. d5
Ne7 9. b4 Nh5 10. c5 Nf4 11. Nd2 f5 12. Bc4 Kh8 13. g3 Nh3+ 14. Kg2 Ng5 15. h4
Nxe4 16. Ncxe4 fxe4 17. Nxe4 Bf5 18. f3 h5 19. Ng5 e4 20. Be3 exf3+ 21. Rxf3
Bg4 0-1

[Event "FRA-chT2 0910"]
[Site "France"]
[Date "2009.11.22"]
[Round "4.4"]
[White "Milesi, Laurent"]
[Black "Ollier, Milan"]
[Result "0-1"]
[WhiteElo "2115"]
[BlackElo "2097"]
[PlyCount "98"]
[EventDate "2009.09.27"]
[EventType "team"]
[EventRounds "11"]
[EventCountry "FRA"]
[SourceDate "2009.07.26"]

1. b3 d5 2. Bb2 Bg4 3. f3 Bh5 4. e4 dxe4 5. Qe2 c6 6. Nc3 Nf6 7. O-O-O exf3 8.
Nxf3 e6 9. h3 Qa5 10. g4 Bg6 11. h4 Nxg4 12. h5 Bxh5 13. Nb5 Qxb5 14. Qxb5 cxb5
15. Bxb5+ Nc6 16. Rxh5 f6 17. Rh4 h5 18. Rdh1 Kf7 19. Rxh5 Rxh5 20. Rxh5 Rc8
21. a3 Bd6 22. Kb1 Ne7 23. Bc4 Nc6 24. Rh4 Nge5 25. Be2 Nxf3 26. Bxf3 b6 27. d4
Ne7 28. Bh5+ g6 29. Bf3 Kg7 30. Re4 Kf7 31. Rh4 g5 32. Rh1 Kg7 33. Re1 Kf7 34.
Bh5+ Ng6 35. Bxg6+ Kxg6 36. Rxe6 Bf8 37. d5 Bg7 38. d6 Rd8 39. c4 Kf5 40. Re7
Bf8 41. Rf7 Bxd6 42. Rxf6+ Ke4 43. Rg6 Bf4 44. b4 Rc8 45. Kc2 Rxc4+ 46. Kd1 Kf3
47. b5 g4 48. Rc6 Re4 49. Rf6 g3 0-1

[Event "FRA-chT2 0910"]
[Site "France"]
[Date "2009.11.22"]
[Round "4.5"]
[White "Mania, Clement"]
[Black "Giry, Jean Marc"]
[Result "1-0"]
[WhiteElo "2055"]
[BlackElo "2008"]
[PlyCount "68"]
[EventDate "2009.09.27"]
[EventType "team"]
[EventRounds "11"]
[EventCountry "FRA"]
[SourceDate "2009.07.26"]

1. e4 e6 2. d4 d5 3. Nc3 Bb4 4. Qg4 Nf6 5. Qxg7 Rg8 6. Qh6 dxe4 7. Nge2 Nc6 8.
Bg5 Rg6 9. Qh4 h6 10. Bxf6 Qxf6 11. Qxe4 Bxc3+ 12. bxc3 Qe7 13. g3 Bd7 14. Bg2
Na5 15. O-O Bc6 16. Qd3 Bxg2 17. Kxg2 Qd7 18. Nf4 Rg5 19. Qe4 O-O-O 20. h4 Rg4
21. f3 Rg7 22. Qe5 Rdg8 23. Qxa5 Rxg3+ 24. Kf2 e5 25. Qxe5 Qc6 26. d5 Qc5+ 27.
Qd4 Qe7 28. Rh1 b6 29. d6 cxd6 30. Rae1 Qd8 31. Rh2 Qd7 32. Nd5 Kb8 33. Nf6 Qc6
34. Qd5 R3g6 1-0

[Event "FRA-chT2 0910"]
[Site "France"]
[Date "2009.11.22"]
[Round "4.6"]
[White "Jeanjean, Dominique"]
[Black "Alary, Pierre"]
[Result "1-0"]
[WhiteElo "2095"]
[BlackElo "1954"]
[PlyCount "79"]
[EventDate "2009.09.27"]
[EventType "team"]
[EventRounds "11"]
[EventCountry "FRA"]
[SourceDate "2009.07.26"]

1. e4 e6 2. d4 d5 3. Nd2 Nf6 4. e5 Nfd7 5. Bd3 c5 6. c3 Nc6 7. Ngf3 cxd4 8.
cxd4 f6 9. exf6 Nxf6 10. O-O Qb6 11. Re1 Bd6 12. Nf1 O-O 13. a3 Bd7 14. b4 Rae8
15. b5 Na5 16. a4 Nc4 17. Ra2 Bb4 18. Re5 Nxe5 19. dxe5 Ng4 20. Bxh7+ Kh8 21.
Ne3 Nxe3 22. Bxe3 Bc5 23. a5 Qxb5 24. Bd3 Qb4 25. Bxc5 Qxc5 26. Ng5 g6 27. Bxg6
Re7 28. Qh5+ Kg8 29. Bh7+ Kg7 30. Bd3 Qc1+ 31. Bf1 Kg8 32. h4 Be8 33. Qg4 Rg7
34. Qxe6+ Kh8 35. Qxd5 Bg6 36. Qd6 Re8 37. Rd2 Qc3 38. f4 Qe3+ 39. Rf2 Kg8 40.
Bc4+ 1-0

[Event "FRA-chT2 0910"]
[Site "France"]
[Date "2009.11.22"]
[Round "4.7"]
[White "Nord, Antoine"]
[Black "Loysel, Yves"]
[Result "1-0"]
[WhiteElo "1936"]
[BlackElo "1782"]
[PlyCount "71"]
[EventDate "2009.09.27"]
[EventType "team"]
[EventRounds "11"]
[EventCountry "FRA"]
[SourceDate "2009.07.26"]

1. e4 c5 2. Nf3 d6 3. Bb5+ Nc6 4. O-O Bg4 5. c3 Nf6 6. d3 a6 7. Ba4 b5 8. Bc2
e6 9. Nbd2 Be7 10. h3 Bh5 11. Re1 Qc7 12. Nf1 Nd7 13. Ng3 Bxf3 14. Qxf3 Nce5
15. Qe2 O-O 16. d4 cxd4 17. cxd4 Nc6 18. Be3 Rac8 19. Rac1 Qb7 20. f4 Bh4 21.
Qg4 Bxg3 22. Qxg3 Nb4 23. Bb1 Nf6 24. e5 dxe5 25. fxe5 Nh5 26. Qh4 g6 27. Bg5
Qd7 28. Be7 Rxc1 29. Rxc1 Nf4 30. Rd1 Qb7 31. Rd2 Rc8 32. Bxb4 Rc1+ 33. Kh2 h5
34. Qxf4 Rxb1 35. Rc2 Rd1 36. Bd6 1-0

[Event "FRA-chT2 0910"]
[Site "France"]
[Date "2009.11.22"]
[Round "4.1"]
[White "Boudre, Jean Pierre"]
[Black "Pasquier, Thomas"]
[Result "1/2-1/2"]
[WhiteElo "2344"]
[BlackElo "2287"]
[PlyCount "46"]
[EventDate "2009.09.27"]
[EventType "team"]
[EventRounds "11"]
[EventCountry "FRA"]
[SourceDate "2009.07.26"]

1. e4 d5 2. exd5 Qxd5 3. Nc3 Qd6 4. d4 Nf6 5. Nf3 Nc6 6. Nb5 Qd8 7. c4 a6 8.
Nc3 Bg4 9. Be3 e6 10. Be2 Be7 11. O-O O-O 12. h3 Bh5 13. a3 Re8 14. g4 Bg6 15.
Nh4 Nxg4 16. Nxg6 Nxe3 17. Nxe7+ Qxe7 18. fxe3 Qg5+ 19. Kh1 Qxe3 20. Rf3 Qxd4
21. Qf1 Ne5 22. Rf4 Qb6 23. Qe1 Qe3 1/2-1/2

[Event "FRA-chT2 0910"]
[Site "France"]
[Date "2009.11.22"]
[Round "4.3"]
[White "Passager, Jean Pierre"]
[Black "Entem, Alan"]
[Result "0-1"]
[WhiteElo "2217"]
[BlackElo "2122"]
[PlyCount "78"]
[EventDate "2009.09.27"]
[EventType "team"]
[EventRounds "11"]
[EventCountry "FRA"]
[SourceDate "2009.07.26"]

1. d4 Nf6 2. c4 g6 3. Nc3 Bg7 4. Nf3 O-O 5. g3 d6 6. Bg2 c5 7. O-O Nc6 8. d5
Na5 9. Nd2 Rb8 10. Qc2 a6 11. b3 b5 12. Bb2 Bh6 13. f4 Ng4 14. Nd1 f5 15. h3
Nf6 16. Ne3 e5 17. dxe6 Bxe6 18. Qd3 Bg7 19. Rad1 bxc4 20. Ndxc4 Nxc4 21. Nxc4
d5 22. Qe3 Re8 23. Be5 d4 24. Qd3 Rb4 25. Nd6 Re7 26. Rc1 Nd7 27. Bxg7 Kxg7 28.
Nc4 Bxc4 29. Rxc4 Re3 30. Qc2 Rxc4 31. Qxc4 Rxg3 32. Qxa6 Qe7 33. Kh2 Re3 34.
Bf3 Nf6 35. Kg2 Ne4 36. Qa5 Qh4 37. Qc7+ Kh6 38. Bxe4 Qg3+ 39. Kh1 Rxe2 0-1

[Event "FRA-chT2 0910"]
[Site "France"]
[Date "2009.11.22"]
[Round "4.5"]
[White "Lagunes, Jean Renaud"]
[Black "Rodriguez, Angel"]
[Result "1-0"]
[WhiteElo "2103"]
[BlackElo "2095"]
[PlyCount "71"]
[EventDate "2009.09.27"]
[EventType "team"]
[EventRounds "11"]
[EventCountry "FRA"]
[SourceDate "2009.07.26"]

1. e4 c5 2. Nf3 e6 3. b3 Nf6 4. Nc3 d5 5. exd5 exd5 6. Bb5+ Nc6 7. O-O Be7 8.
Ne5 Qc7 9. Re1 Be6 10. Nxc6 bxc6 11. Bf1 O-O 12. Ba3 Rfe8 13. Na4 Qa5 14. Qe2
Ne4 15. Rad1 c4 16. Bxe7 Rxe7 17. Qe3 Rae8 18. f3 Nf6 19. Qc5 Qxc5+ 20. Nxc5
Bf5 21. Rxe7 Rxe7 22. Rc1 cxb3 23. cxb3 h5 24. Kf2 Kf8 25. Na6 Bd7 26. Nb8 Re6
27. Rc5 Be8 28. Bd3 g6 29. h4 Ng8 30. b4 f6 31. Bc2 Ne7 32. Na6 f5 33. Ba4 Bd7
34. Ra5 Rd6 35. Nc5 Nc8 36. Nxd7+ 1-0

[Event "FRA-chT2 0910"]
[Site "France"]
[Date "2009.11.22"]
[Round "4.6"]
[White "Planell, Eric"]
[Black "Pilte, Nicolas"]
[Result "1/2-1/2"]
[WhiteElo "2176"]
[BlackElo "2078"]
[PlyCount "75"]
[EventDate "2009.09.27"]
[EventType "team"]
[EventRounds "11"]
[EventCountry "FRA"]
[SourceDate "2009.07.26"]

1. d4 Nf6 2. c4 g6 3. Nc3 Bg7 4. e4 d6 5. Be2 O-O 6. f4 Na6 7. Nf3 e5 8. fxe5
dxe5 9. d5 Ne8 10. O-O Nd6 11. Bg5 f6 12. Be3 b6 13. a3 f5 14. Nd2 fxe4 15.
Ndxe4 Nxe4 16. Nxe4 Bf5 17. Bf3 Bxe4 18. Bxe4 Nc5 19. Bxc5 bxc5 20. Qg4 Qd6 21.
Rxf8+ Rxf8 22. Qe6+ Qxe6 23. dxe6 Rf4 24. Bc6 Kf8 25. g3 Rf6 26. Rd1 Rxe6 27.
Rd8+ Ke7 28. Rd7+ Kf6 29. Rxc7 Re7 30. Bd7 e4 31. Kf1 Ke5 32. Rxc5+ Kd4 33. Rc7
Ke3 34. Rb7 Kd2 35. Bc6 Rxb7 36. Bxb7 e3 37. Bf3 Bxb2 38. a4 1/2-1/2

[Event "FRA-chT2 0910"]
[Site "France"]
[Date "2009.11.22"]
[Round "4.7"]
[White "Ternault, Mathieu"]
[Black "Muratet, Lucas"]
[Result "0-1"]
[WhiteElo "1999"]
[BlackElo "1951"]
[PlyCount "64"]
[EventDate "2009.09.27"]
[EventType "team"]
[EventRounds "11"]
[EventCountry "FRA"]
[SourceDate "2009.07.26"]

1. d4 Nf6 2. Nf3 c5 3. d5 e6 4. c4 exd5 5. cxd5 d6 6. Nc3 g6 7. e4 Bg7 8. Bb5+
Nbd7 9. O-O O-O 10. Bf4 Qe7 11. Re1 a6 12. Bf1 h6 13. e5 Nh5 14. exd6 Qf6 15.
Be3 Qxd6 16. Ne4 Qb6 17. Rb1 Re8 18. Qc2 Qb4 19. Bd3 c4 20. Bxc4 b5 21. Bd3 Bb7
22. a3 Qf8 23. d6 Rac8 24. Nc5 Bxf3 25. Nxd7 Qxd6 26. Qb3 Bd5 27. Qb4 Qxd7 28.
Rbd1 Qb7 29. Bf1 Nf6 30. h4 Re4 31. Qd6 Bc4 32. Bxh6 Bxh6 0-1

[Event "FRA-chT2 0910"]
[Site "France"]
[Date "2009.11.22"]
[Round "4.2"]
[White "Abello, Sebastien"]
[Black "Guadalpi, David"]
[Result "1/2-1/2"]
[WhiteElo "2285"]
[BlackElo "2320"]
[PlyCount "24"]
[EventDate "2009.09.27"]
[EventType "team"]
[EventRounds "11"]
[EventCountry "FRA"]
[SourceDate "2009.07.26"]

1. d4 Nf6 2. c4 c6 3. Nc3 d5 4. Nf3 dxc4 5. a4 Bf5 6. Ne5 Nbd7 7. Nxc4 Qc7 8.
g3 e5 9. dxe5 Nxe5 10. Bf4 Nfd7 11. Bg2 f6 12. O-O Rd8 1/2-1/2

[Event "FRA-chT2 0910"]
[Site "France"]
[Date "2009.11.22"]
[Round "4.4"]
[White "Montagard, Guillaume"]
[Black "Remille, Tristan"]
[Result "0-1"]
[WhiteElo "2241"]
[BlackElo "2206"]
[PlyCount "82"]
[EventDate "2009.09.27"]
[EventType "team"]
[EventRounds "11"]
[EventCountry "FRA"]
[SourceDate "2009.07.26"]

1. d4 d5 2. Nf3 Nf6 3. c4 c6 4. Nc3 e6 5. e3 Nbd7 6. Bd3 dxc4 7. Bxc4 b5 8. Be2
Bb7 9. O-O a6 10. a4 b4 11. Na2 c5 12. Bd2 a5 13. Nc1 Bd6 14. Nb3 O-O 15. Rc1
c4 16. Bxc4 Ng4 17. h3 Bxf3 18. Qxf3 Nh2 19. Qe2 Nxf1 20. Rxf1 e5 21. e4 exd4
22. Nxd4 Qf6 23. Nb5 Bf4 24. Be1 Nb6 25. Bb3 Rae8 26. f3 Qg5 27. Bf2 Rd8 28.
Nd4 Rd6 29. h4 Qe5 30. Nf5 Rd2 31. Qxd2 Bxd2 32. Bxb6 Qxb2 33. Bd5 Qc2 34. h5
h6 35. Bd4 b3 36. Bxg7 b2 37. Ba2 Bc1 38. Bxf8 Kxf8 39. Kh1 Qxa4 40. Bb1 Qa1
41. Rd1 f6 0-1

[Event "FRA-chT2 0910"]
[Site "France"]
[Date "2009.11.22"]
[Round "4.5"]
[White "Jean, Olivier"]
[Black "Diaz, Mickael"]
[Result "1/2-1/2"]
[WhiteElo "2182"]
[BlackElo "2235"]
[PlyCount "61"]
[EventDate "2009.09.27"]
[EventType "team"]
[EventRounds "11"]
[EventCountry "FRA"]
[SourceDate "2009.07.26"]

1. e4 c5 2. Nf3 Nc6 3. d4 cxd4 4. Nxd4 g6 5. Nc3 Bg7 6. Nde2 Nf6 7. g3 d6 8.
Bg2 O-O 9. O-O Bd7 10. h3 Rc8 11. Be3 Re8 12. Rc1 Qa5 13. b3 b5 14. Qd2 Rc7 15.
Nd5 Qxd2 16. Bxd2 Nxd5 17. exd5 Nd4 18. Nxd4 Bxd4 19. c3 Bf6 20. Rfe1 Rec8 21.
Re3 h5 22. h4 Bf5 23. Rce1 Kf8 24. Bf1 a6 25. c4 Bd4 26. Rf3 Bg4 27. Rf4 Be5
28. Rfe4 Bf5 29. Rxe5 dxe5 30. Rxe5 f6 31. Re1 {suite illisible} 1/2-1/2

[Event "FRA-chT2 0910"]
[Site "France"]
[Date "2009.11.22"]
[Round "4.7"]
[White "Gravagna, Pierre"]
[Black "Cherki, Thomas"]
[Result "1/2-1/2"]
[WhiteElo "2020"]
[BlackElo "2146"]
[PlyCount "56"]
[EventDate "2009.09.27"]
[EventType "team"]
[EventRounds "11"]
[EventCountry "FRA"]
[SourceDate "2009.07.26"]

1. d4 Nf6 2. Nf3 e6 3. c4 Bb4+ 4. Bd2 a5 5. g3 O-O 6. Bg2 Nc6 7. O-O Bxd2 8.
Nbxd2 d6 9. e4 e5 10. d5 Ne7 11. c5 Nd7 12. cxd6 cxd6 13. Rc1 b6 14. Nc4 Nc5
15. Re1 h6 16. b3 f5 17. Nfxe5 dxe5 18. d6 Bb7 19. dxe7 Qxe7 20. Nxb6 Rad8 21.
Nd5 Qd6 22. f3 Bxd5 23. exd5 Qxd5 24. Qxd5+ Rxd5 25. Bf1 Nd3 26. Bxd3 Rxd3 27.
Kf2 e4 28. Re3 Rd2+ 1/2-1/2

[Event "FRA-chT2 0910"]
[Site "France"]
[Date "2009.11.22"]
[Round "4.8"]
[White "Bramme, Isabelle"]
[Black "Olmeta, Khamsine"]
[Result "1-0"]
[WhiteElo "1998"]
[BlackElo "1340"]
[PlyCount "55"]
[EventDate "2009.09.27"]
[EventType "team"]
[EventRounds "11"]
[EventCountry "FRA"]
[SourceDate "2009.07.26"]

1. e4 e5 2. Nf3 Nc6 3. Bb5 a6 4. Bxc6 dxc6 5. O-O Nf6 6. Nxe5 Qe7 7. d4 Nxe4 8.
Re1 f6 9. Rxe4 fxe5 10. Rxe5 Be6 11. Qe2 Kd7 12. Nc3 Qf7 13. Ne4 Bd6 14. Ng5
Qf6 15. Rxe6 Rae8 16. Rxe8 Rxe8 17. Qg4+ Kd8 18. Nf3 c5 19. Bg5 Qxg5 20. Nxg5
cxd4 21. Nf7+ Ke7 22. Re1+ Kf8 23. Rxe8+ Kxe8 24. Qe6+ Be7 25. Ne5 d3 26. Qf7+
Kd8 27. Qg8+ Bf8 28. Qxf8# 1-0

[Event "FRA-chT2 0910"]
[Site "France"]
[Date "2009.11.22"]
[Round "4.1"]
[White "Franca, Ricardo Bedin"]
[Black "Garbisu de Goni, Unai"]
[Result "1-0"]
[WhiteElo "2296"]
[BlackElo "2458"]
[PlyCount "68"]
[EventDate "2009.09.27"]
[EventType "team"]
[EventRounds "11"]
[EventCountry "FRA"]
[SourceDate "2009.07.26"]

1. e4 e5 2. Nf3 Nc6 3. Bb5 a6 4. Ba4 Nf6 5. O-O Be7 6. Bxc6 dxc6 7. Qe1 Nd7 8.
b3 c5 9. Bb2 Bf6 10. Nc3 g6 11. a4 a5 12. Nd5 Bg7 13. d3 O-O 14. Ne3 b6 15. Nc4
Re8 16. Qe3 f6 17. Kh1 Nf8 18. Ng1 Ne6 19. Ne2 Nd4 20. Nxd4 exd4 21. Qg3 Be6
22. Rae1 Qd7 23. Bc1 Re7 24. Na3 Rf8 25. Bf4 Qc6 26. Nb5 Rff7 27. h4 Bc8 28.
Na7 Qb7 29. Nxc8 Qxc8 30. Re2 Re8 31. Rfe1 Rfe7 32. Kg1 Kf7 33. Kf1 Bf8 34. Qf3
Re6 1-0